000 00641nam a2200205Ii 4500
001 2495
003 CO-ViMGA
008 241108s9999||||xx |||||||||||||| ||und||
040 _aCO-ViMGA
_bspa
_erda
_cCO-ViMGA
041 0 _aspa
082 0 4 _a530.1 - V174i
100 1 _aLilia Inés Vargas Figueredo
_949580
245 1 0 _aFísica:
_b5º Bachillerato por radio
264 1 _aBogotá, Colombia : Presencia Ltda, [Fecha de publicación no identificada]
300 _avolumen
336 _atext
_btxt
_2rdacontent
337 _aunmediated
_bn
_2rdamedia
338 _avolume
_bnc
_2rdacarrier
940 _aidficha_siabuc: 2444. -- ficha_no_siabuc:2495
999 _c44253
_d44253